01349 2200529 4500001002100000005001500021035002000036245007100056250000600127300003500133700001800168260004700186082001200233084001600245020002200261650002600283990001700309990001700326990001700343990001700360990001700377990001700394990001700411990001700428990001700445990001700462990001700479990001700496990001700513990001700530990001700547990001700564990001700581990001700598990001700615990001700632990001700649990001700666990001700683990001700700990001700717990001700734990001700751990001700768990001700785990001700802INLIS00000000000005520180810014123 a0010-0818000019 aMengenal Jual Beli Menurut Islam /cSopandi; Editor, Maman Rohiman a- aiv, 44 hlm. :bilus. ;c21 cm.0 aMaman Rohiman aBandung :bPT Imperial Bhakti Utama,c2009 a297.273 a297.273 MEN a978-602-8318-28-0 aEkonomi Menurut Islam a00228/P/2018 a00229/P/2018 a00230/P/2018 a00231/P/2018 a00232/P/2018 a00232/P/2018 a00228/P/2018 a00229/P/2018 a00230/P/2018 a00231/P/2018 a00231/P/2018 a00228/P/2018 a00229/P/2018 a00230/P/2018 a00232/P/2018 a00230/P/2018 a00228/P/2018 a00229/P/2018 a00231/P/2018 a00232/P/2018 a00229/P/2018 a00228/P/2018 a00230/P/2018 a00231/P/2018 a00232/P/2018 a00228/P/2018 a00229/P/2018 a00230/P/2018 a00231/P/2018 a00232/P/2018